<The> economic adjustment programme for Greece first review - summer 2010

Gespeichert in:
Bibliographische Detailangaben
Körperschaft: European Commission
Format: Buch
Sprache:Englisch
Veröffentlicht: Luxembourg Publications Office of the European Union 2010
Schriftenreihe:European economy
Schlagworte:
Tags: Tag hinzufügen
Keine Tags, Fügen Sie das erste Tag hinzu!

MARC

LEADER 00000nam$a2200000$$$4500
001 0122062
005 20240318114226.4
020 |a 978-92-79-16436-1 
022 |a 1725-3195 
041 0 |a eng 
044 |a LU 
245 1 0 |a <The> economic adjustment programme for Greece  |b first review - summer 2010 
264 1 |a Luxembourg  |b Publications Office of the European Union  |c 2010 
300 |a 118 s. 
490 1 |a European economy 
830 0 |a European economy 
610 2 0 |a rozvoj hospodársky 
610 2 0 |a situácia hospodárska 
610 2 0 |a riadenie hospodárske 
610 2 0 |a kríza finančná 
610 2 0 |a kríza hospodárska 
610 2 0 |a rast hospodársky 
610 2 0 |a sebestačnosť 
610 2 0 |a stabilizácia hospodárstva 
610 2 0 |a úpadok hospodársky 
610 2 0 |a závislosť ekonomická 
610 2 0 |a trh finančný 
610 2 0 |a politika fiškálna 
610 2 0 |a politika hospodárska 
610 2 0 |a reformy štruktúrne 
610 2 0 |a politika finančná 
610 2 0 |a trh práce 
610 2 0 |a prostredie podnikateľské 
610 2 0 |a politika energetická 
610 2 0 |a doprava 
610 2 0 |a privatizácia 
610 2 0 |a Grécko 
610 2 0 |a Európska únia 
710 2 |a European Commission